[Event "POL-chB"]
[Site "Bielsko-Biala"]
[Date "1991.??.??"]
[Round "1"]
[White "Przewoznik, Jan"]
[Black "Grabarczyk, Bogdan"]
[Result "1-0"]
[WhiteElo "2395"]
[BlackElo "2325"]

1.Nf3 Nf6 2.c4 g6 3.Nc3 Bg7 4.e4 d6 5.d4 O-O 6.Be2 e5 7.Be3 h6 8.O-O Ng4
9.Bc1 Nc6 10.d5 Ne7 11.Nd2 f5 12.Bxg4 fxg4 13.b4 g5 14.c5 Ng6 15.Nc4 Nh4
16.Be3 Rf6 17.cxd6 cxd6 18.Nb5 b6 19.Nxa7 Rxa7 20.Bxb6 Qd7 21.Bxa7 Qxa7 22.a4 Bf8
23.b5 Rf4 24.Qc2 Nf3+ 25.gxf3 gxf3 26.Kh1 Rh4 27.Nxe5 Bh3 28.Nxf3 Rf4 29.Ng1 Bxf1
30.Rxf1 Bg7 31.Nh3 Rh4 32.Qc8+ Bf8 33.Qe6+ Kh8 34.Qf5 Kg8 35.Nxg5  1-0

[Event "POL-chB"]
[Site "Bielsko-Biala"]
[Date "1991.??.??"]
[Round "9"]
[White "Weglarz, Leszek"]
[Black "Kaula, Roman"]
[Result "1/2-1/2"]
[WhiteElo "2360"]
[BlackElo "2310"]

1.d4 Nf6 2.c4 g6 3.Nc3 Bg7 4.e4 d6 5.Nf3 O-O 6.Be2 e5 7.O-O Na6 8.Be3 Ng4
9.Bg5 Qe8 10.dxe5 h6 11.Bd2 dxe5 12.Ne1 h5 13.h3 Nf6 14.Nd3 c6 15.Be3 Qe7
16.b4 Nd7 17.c5 Nc7 18.Nb2 Ne6 19.Nc4 Nd4 20.Bd3 b6 21.cxb6 axb6 22.b5 Nxb5
23.Nxb5 cxb5 24.Nxb6 Nxb6  1/2-1/2

[Event "Bled/Rogaska Slatina"]
[Site "Bled"]
[Date "1991.??.??"]
[Round "13"]
[White "Mohr, Georg"]
[Black "Damljanovic, Branko"]
[Result "1/2-1/2"]
[WhiteElo "2465"]
[BlackElo "2560"]

1.c4 g6 2.Nc3 Bg7 3.d4 d6 4.e4 Nf6 5.Nf3 O-O 6.Be2 e5 7.Be3 Ng4 8.Bg5 f6
9.Bh4 Nd7 10.c5 dxc5 11.dxe5 Ngxe5 12.Nxe5 Nxe5 13.f4 Nf7 14.Qxd8 Rxd8 15.Nd5 Rxd5
16.exd5 b6 17.O-O f5 18.Bf3 Nd6 19.Bd8 Ba6 20.Bxc7 Bxf1 21.Bxd6 Bc4 22.Be5 Rd8
23.b3 Bb5 24.a4 Be8 25.Be2 Bf7 26.Bc4 a6 27.Rc1 b5 28.axb5 axb5 29.Bxb5 Bxe5
30.fxe5 Bxd5 31.Rxc5 Bxb3  1/2-1/2

[Event "Borsodtavho"]
[Site "Borsodtavho"]
[Date "1991.??.??"]
[Round "6"]
[White "Lukacs, Peter"]
[Black "Thorsteins, Karl"]
[Result "1-0"]
[WhiteElo "2460"]
[BlackElo "2480"]

1.d4 Nf6 2.c4 g6 3.Nc3 Bg7 4.e4 d6 5.Nf3 O-O 6.Be2 e5 7.O-O Na6 8.Be3 c6
9.d5 Ng4 10.Bg5 f6 11.Bd2 f5 12.Ne1 Nf6 13.f3 fxe4 14.fxe4 Nc5 15.Qc2 cxd5
16.cxd5 Bg4 17.Nf3 Rc8 18.Qb1 a5 19.Be3 Qe7 20.h3 Bd7 21.Nd2 a4 22.Qe1 a3
23.Rb1 axb2 24.Rxb2 Nh5 25.Rxf8+ Qxf8 26.Nb3 Bh6 27.Bxc5 dxc5 28.Bxh5 gxh5
29.Nd2 Qf4 30.Nc4 Qg5 31.Kh1 Rf8 32.Nb6 Be8 33.d6 h4 34.Ncd5 Bc6 35.Ne7+ Kh8
36.Nxc6 bxc6 37.Nd7 Rd8 38.Rb7 Rg8 39.Qf1 c4 40.Qf6+  1-0

[Event "Brno Morava-D"]
[Site "Brno"]
[Date "1991.??.??"]
[Round "4"]
[White "Babula, Vlastimil"]
[Black "Priehoda, Vitezslav"]
[Result "1-0"]
[WhiteElo "2330"]
[BlackElo "2365"]

1.d4 Nf6 2.c4 d6 3.Nc3 Nbd7 4.e4 e5 5.Nf3 g6 6.Be2 Bg7 7.O-O O-O 8.Re1 Re8
9.Bf1 exd4 10.Nxd4 c6 11.f3 Nb6 12.Bg5 Be6 13.Nxe6 Rxe6 14.Qd2 Qf8 15.Rad1 Rae8
16.Be3 Nfd7 17.b3 Ne5 18.Ne2 f5 19.Nd4 f4 20.Bxf4 Rf6 21.Bg5 Rf7 22.Kh1 Nc8
23.Be2 h6 24.Be3 c5 25.Nc2 g5 26.Rf1 Ng6 27.g3 Be5 28.Rf2 Re6 29.Rdf1 Ref6
30.b4 b6 31.b5 Nce7 32.Ne1 Kh7 33.Ng2 Nf4 34.gxf4 gxf4 35.Nxf4 Bxf4 36.Bxf4 Rxf4
37.Qxd6 R7f6 38.Qd7 Rf7 39.Qxa7 Nf5 40.Qxb6 Nd4 41.e5 Nxe2 42.Rxe2 Rxf3 43.Rxf3 Rxf3
44.Qb7+ Kh8 45.Rg2 Rf1+ 46.Rg1 Rxg1+ 47.Kxg1 Qg8+ 48.Kf2 Qxc4 49.Qc8+ Kg7
50.Qd7+ Kg8 51.Ke3 Qc1+ 52.Ke4 Qh1+ 53.Kf5 Qf3+ 54.Ke6 c4 55.Qc6 Qh3+ 56.Ke7 Qa3+
57.Kd7 Qa7+ 58.Kc8 Qxa2 59.b6 Qa6+ 60.Kc7 Kh7 61.b7 Qa5+ 62.Kc8  1-0

[Event "Brno Morava-A"]
[Site "Brno"]
[Date "1991.??.??"]
[Round "8"]
[White "Murshed, Niaz"]
[Black "Rogers, Ian"]
[Result "1/2-1/2"]
[WhiteElo "2510"]
[BlackElo "2565"]

1.d4 Nf6 2.c4 g6 3.Nc3 Bg7 4.e4 d6 5.Nf3 O-O 6.Be2 e5 7.d5 a5 8.O-O Na6 9.Be3 Ng4
10.Bg5 f6 11.Bd2 f5 12.Ne1 Nf6 13.exf5 Bxf5 14.Be3 b6 15.h3 Kh8 16.g4 Bd7
17.Bf3 Nc5 18.Bg2 Qe7 19.Nd3 Ng8 20.Qd2 Nxd3 21.Qxd3 Bh6 22.Ne2 Bxe3 23.Qxe3 Qg7
24.Be4 Qh6 25.Qxh6 Nxh6 26.f3 Kg7 27.Kg2 Ng8 28.Rac1 Nf6 29.Ng3 h5 30.Bb1 Kh6
31.Ne2 Rae8 32.Kh2 Nh7 33.gxh5 Kxh5 34.f4 Kh6 35.fxe5 Rxe5 36.Nf4 Bf5 37.Ng2 Re2
38.Bxf5 gxf5 39.Kh1 Ng5 40.Rce1 Rxb2 41.h4 Nh3 42.Re6+ Kh5 43.Kh2 Nf2 44.Nf4+ Kg4
45.Ne2 Ne4 46.Rg6+ Kh5 47.Rg2 Kh6 48.Nd4 Rxg2+ 49.Kxg2 Kg6 50.Kh3 Rf7 51.Rg1+ Kh7
52.Rf1 f4 53.Kg4 Rg7+ 54.Kxf4 Rf7+ 55.Nf5 Rxf5+ 56.Kxf5 Ng3+ 57.Ke6 Nxf1
58.Kd7 Ne3 59.Kxc7 Nxc4 60.Kc6 Kg6 61.Kb5 Ne5 62.a4 Nd7 63.Kc6 Nc5 64.Kxd6 Nxa4
65.Kc6 Nc5 66.Kxb6 a4 67.Kxc5 a3  1/2-1/2

[Event "Escom IM-B"]
[Site "Budapest"]
[Date "1991.??.??"]
[Round "1"]
[White "Stromer, Alexander"]
[Black "Kahn, Evarth"]
[Result "1-0"]
[WhiteElo "2240"]
[BlackElo "2215"]

1.d4 Nf6 2.Nf3 g6 3.c4 Bg7 4.Nc3 O-O 5.e4 d6 6.Be3 e5 7.Be2 h6 8.O-O Ng4
9.Bc1 Nc6 10.d5 Ne7 11.Ne1 f5 12.exf5 gxf5 13.h3 Nf6 14.f4 e4 15.Nc2 c6 16.Kh1 Bd7
17.dxc6 Bxc6 18.Nd4 Qd7 19.b4 b6 20.Qb3 Kh7 21.Rd1 e3 22.Bxe3 Ne4 23.Nxe4 fxe4
24.Bg4 Qe8 25.Rac1 Ba4 26.Qb1 Bxd1 27.Rxd1 h5 28.Qxe4+ Ng6 29.Be6 Kh8 30.Nf5 Bf6
31.Nxd6 Qa4 32.Qd5 Kg7 33.Qxh5 Rh8 34.Qg4 Kf8 35.Rd2 Nh4 36.Ne4 Qa3 37.Rd7 Be7
38.Rxe7 Kxe7 39.Bd4 Nf3 40.Bf6+ Ke8 41.Nd6+  1-0

[Event "Spring op"]
[Site "Budapest"]
[Date "1991.??.??"]
[Round "2"]
[White "Kecskes, Gabor"]
[Black "Monin, Nikolay"]
[Result "1/2-1/2"]
[WhiteElo "2255"]
[BlackElo "2390"]

1.d4 Nf6 2.c4 g6 3.Nc3 Bg7 4.e4 d6 5.Nf3 O-O 6.Be2 e5 7.d5 Nbd7 8.Bg5 h6
9.Bh4 g5 10.Bg3 Nh5 11.h4 g4 12.Nh2 Nxg3 13.fxg3 h5 14.O-O a5 15.Rf5 Nf6
16.Rf2 Bh6 17.Nf1 Ne8 18.Bd3 Ng7 19.Qe2 f5 20.exf5 Nxf5 21.Bxf5 Bxf5 22.Ne3 Bg6
23.Rxf8+ Bxf8 24.Rf1 Qd7 25.Rf6 Qg7 26.Qf1 Be7 27.Rf2 Rf8 28.Nf5 Qh7 29.Nxe7+ Qxe7
30.a3 Rxf2 31.Qxf2 b6 32.Qe3 Kg7 33.b4 axb4  1/2-1/2

[Event "Utasellato NK"]
[Site "Budapest"]
[Date "1991.??.??"]
[Round "3"]
[White "Csonkics, Tunde"]
[Black "Peter, Ambrus"]
[Result "0-1"]
[WhiteElo "2320"]
[BlackElo "2250"]

1.d4 d6 2.Nf3 Nf6 3.c4 g6 4.Nc3 Bg7 5.e4 O-O 6.Be2 Na6 7.O-O e5 8.Be3 Ng4
9.Bg5 f6 10.Bc1 Kh8 11.h3 Nh6 12.dxe5 dxe5 13.Be3 b6 14.Qc1 Nf7 15.Rd1 Nd6
16.c5 Nxc5 17.Bxc5 bxc5 18.Na4 Qe8 19.Nxc5 Rb8 20.Nd2 f5 21.f3 Bh6 22.Qc3 Rb6
23.b4 Qe7 24.Rab1 Bf4 25.Nc4 Nxc4 26.Bxc4 Qg5 27.Qe1 Bg3 28.Qe2 Qh4 29.Nd7 Bxd7
30.Rxd7 Rbf6 31.Rxc7 g5 32.exf5 e4 33.Rc5 exf3 34.Qxf3 Bd6 35.Rc6 Rxf5 36.Qg4 Qf2+
37.Kh1 Qf1+  0-1

[Event "Elekes mem"]
[Site "Budapest"]
[Date "1991.??.??"]
[Round "3"]
[White "Naumkin, Igor"]
[Black "Paehtz, Thomas Sr"]
[Result "1/2-1/2"]
[WhiteElo "2505"]
[BlackElo "2455"]

1.d4 Nf6 2.c4 g6 3.Nc3 Bg7 4.e4 d6 5.Nf3 O-O 6.Be2 e5 7.d5 a5 8.Bg5 h6 9.Bh4 Na6
10.Nd2 Qe8 11.O-O Nh7 12.a3 Bd7 13.b3 h5 14.f3 Bh6 15.Kh1 Be3 16.Rb1 Bc5
17.Qc1 Kh8 18.Na2 g5 19.Be1 f5 20.b4 axb4 21.axb4 Be3 22.exf5 Bxf5 23.Rb3 Bd4
24.Nc3 Nf6 25.Nb5 Bb6 26.Bf2  1/2-1/2

[Event "Spring op"]
[Site "Budapest"]
[Date "1991.??.??"]
[Round "3"]
[White "Glek, Igor V"]
[Black "Mowsziszian, Karen"]
[Result "0-1"]
[WhiteElo "2540"]
[BlackElo "2395"]

1.d4 Nf6 2.c4 g6 3.Nc3 Bg7 4.e4 d6 5.Be2 O-O 6.Nf3 e5 7.d5 a5 8.Be3 Na6 9.Nd2 Ne8
10.O-O Bd7 11.a3 b6 12.Qc2 f5 13.exf5 gxf5 14.f4 Nc5 15.fxe5 dxe5 16.b4 axb4
17.axb4 Rxa1 18.Rxa1 f4 19.Bxc5 bxc5 20.bxc5 e4 21.Ndxe4 Bf5 22.Bd3 Bxe4
23.Bxe4 Qe7 24.d6 cxd6 25.c6 d5 26.Bxd5+ Kh8 27.Rc1 Nd6 28.Nb5 Qe3+ 29.Kh1 Nf5
30.Rf1 Qe7 31.Qe4 Qh4 32.Kg1 Ne3 33.g3 Qh3 34.Rf2 Ra8 35.Rxf4 Ra1+ 36.Kf2 Ng4+
37.Kf3 Ne5+ 38.Ke3 Re1+ 39.Kd2 Rxe4 40.Rxe4 Qxh2+ 41.Re2 Bh6+ 42.Kd1 Qg1+
43.Kc2 Qc1+ 44.Kb3 Qb1+ 45.Rb2 Qd3+ 46.Nc3 Nxc6 47.Bxc6 Bg7 48.Rc2 Qxg3 49.Bd5 Qd3
50.c5 Bxc3 51.Bc4 Qe3 52.Rxc3 Qxc5 53.Be2 Qf2 54.Bd1 Qf7+ 55.Kc2 h5 56.Kd2 Qf2+
57.Be2 h4 58.Rh3 Kg7 59.Rh1 Qg2 60.Rd1 h3 61.Ke3 h2 62.Bf3 Qg1+ 63.Ke2 Kf6
64.Rf1 Ke5 65.Bh1 Qg4+ 66.Ke3 Qg1+ 67.Ke2 Qg4+ 68.Ke3 Qc4 69.Rd1 Qc3+ 70.Ke2 Qc2+
71.Rd2 Qc4+ 72.Ke1 Qc1+ 73.Rd1 Qe3+ 74.Kf1 Kf4 75.Re1 Qd3+  0-1

[Event "Autoteam"]
[Site "Budapest"]
[Date "1991.??.??"]
[Round "4"]
[White "Sinkovics, Peter"]
[Black "Schaefer, Markus"]
[Result "0-1"]
[WhiteElo "2350"]
[BlackElo "2460"]

1.d4 Nf6 2.c4 g6 3.Nc3 Bg7 4.e4 d6 5.Nf3 O-O 6.Be2 Na6 7.O-O e5 8.Rb1 c6
9.Re1 exd4 10.Nxd4 Re8 11.f3 Nh5 12.Be3 f5 13.Qd2 f4 14.Bf2 Be5 15.a3 Qf6
16.Red1 Ng7 17.Rbc1 Rd8 18.b4 Nc7 19.Qe1 g5 20.a4 a5 21.b5 Bd7 22.Nb3 c5
23.b6 Nce6 24.Nb5 Ra6 25.Nxa5 Rxb6 26.Nb3 Ra6 27.a5 Ne8 28.Qd2 h5 29.Nc3 Qg7
30.h3 g4 31.fxg4 Ng5 32.Bh4 Nf6 33.Rf1 hxg4 34.hxg4 Qh6 35.Bxg5 Qxg5 36.Bf3 Kg7
37.Nd5 Rh8 38.Nxc5 dxc5 39.Nxf6 Bd4+ 40.Rf2 Rxf6  0-1

[Event "Cansys IM-B"]
[Site "Budapest"]
[Date "1991.??.??"]
[Round "4"]
[White "Jakob, Simon"]
[Black "Sziva, Erika"]
[Result "1/2-1/2"]
[WhiteElo "2230"]
[BlackElo "2245"]

1.d4 Nf6 2.Nf3 g6 3.c4 Bg7 4.Nc3 d6 5.e4 O-O 6.Be2 e5 7.dxe5 dxe5 8.Qxd8 Rxd8
9.Bg5 Na6 10.Nd5 Rd6 11.Bxf6 Bxf6 12.Nxf6+ Rxf6 13.Nxe5 Re6 14.Ng4 h5 15.Ne3 Rxe4
16.O-O-O Re8 17.Bf3 c6 18.Rd6 Nc7 19.h4 Be6 20.g4 hxg4 21.Bxg4 Rad8 22.Rxd8 Rxd8
23.h5 Bxg4 24.Nxg4 gxh5 25.Rxh5 Ne6 26.Rf5 Kg7 27.Ne3 Kg6 28.Rf3  1/2-1/2

[Event "Cansys GM-Nov"]
[Site "Budapest"]
[Date "1991.??.??"]
[Round "5"]
[White "Berebora, Ferenc"]
[Black "Apicella, Manuel"]
[Result "0-1"]
[WhiteElo "2310"]
[BlackElo "2430"]

1.d4 Nf6 2.c4 g6 3.Nc3 Bg7 4.e4 d6 5.Nf3 O-O 6.Be2 e5 7.O-O Na6 8.Be3 Ng4
9.Bg5 Qe8 10.dxe5 h6 11.Bh4 dxe5 12.Nd2 Nf6 13.Nd5 g5 14.Bg3 c6 15.Nxf6+ Bxf6
16.Bg4 Qe7 17.Bxc8 Raxc8 18.Qh5 Bg7 19.Rfd1 Qe6 20.Qe2 Rfd8 21.f3 Bf8 22.Bf2 Bc5
23.Bxc5 Nxc5 24.Nf1 Qf6 25.Ne3 Ne6 26.Nf5 Nd4 27.Nxd4 exd4 28.c5 Qe5 29.Rac1 Rd7
30.Qd3 Rcd8 31.b3 Kg7 32.g3 h5 33.Kg2 h4 34.Rh1 Re8 35.Rhf1 hxg3 36.hxg3 g4
37.fxg4 Qxe4+ 38.Qxe4 Rxe4 39.Rf4 Re5 40.b4 d3 41.Rd1 Re2+ 42.Rf2 Rxf2+ 43.Kxf2 Kg6
44.Ke3 Kg5 45.Kd2 Kxg4 46.Rg1 f5 47.Rf1 Rd5 48.Re1 Kxg3 49.Re7 b6 50.cxb6 axb6
51.Re6 f4 52.Rg6+ Kh4 53.Rxc6 b5 54.a4 bxa4 55.Ra6 f3 56.Rxa4 f2  0-1

[Event "Escom IM-A"]
[Site "Budapest"]
[Date "1991.??.??"]
[Round "5"]
[White "Hoffmann, Michael"]
[Black "Misailovic, Nebojsa"]
[Result "1-0"]
[WhiteElo "2370"]
[BlackElo "2345"]

1.d4 Nf6 2.Nf3 g6 3.c4 Bg7 4.Nc3 O-O 5.e4 d6 6.Be2 e5 7.d5 Nbd7 8.Bg5 h6
9.Bh4 a6 10.Nd2 Qe8 11.O-O Nh7 12.b4 Ng5 13.f3 f5 14.Qc2 Qe7 15.Bf2 f4 16.Rfc1 h5
17.Kh1 Nf7 18.c5 g5 19.Nc4 g4 20.cxd6 cxd6 21.Na4 gxf3 22.gxf3 b5 23.Ncb6 Rb8
24.Nxc8 Rbxc8 25.Qxc8 Rxc8 26.Rxc8+ Kh7 27.Nc3 Nf6 28.Bb6 Ng5 29.Rc7 Nd7
30.a4 Qd8 31.a5 Nh3 32.Kg2 Ng5 33.Kf2 Kg6 34.Ke1 Nh3 35.Kd2 Bf6 36.Rc6 Qf8
37.Bc7 Be7 38.Rxa6 Qc8 39.Rc6 Nf6 40.a6  1-0

[Event "Cansys"]
[Site "Budapest"]
[Date "1991.??.??"]
[Round "6"]
[White "Lukacs, Peter"]
[Black "Werner, Dimo"]
[Result "1/2-1/2"]
[WhiteElo "2460"]
[BlackElo "2395"]

1.d4 Nf6 2.c4 g6 3.Nc3 Bg7 4.e4 d6 5.Nf3 O-O 6.Be2 Nbd7 7.O-O e5 8.Qc2 c6
9.d5 c5 10.a3 Ne8 11.b4 h6 12.g3 b6 13.Rb1 Ndf6 14.bxc5 bxc5 15.Nh4 Bh3 16.Re1 Nh7
17.Bd2 h5 18.Rb2 Bf6 19.Nf3 Ng5 20.Reb1 Nxf3+ 21.Bxf3 Bg5 22.Bxg5 Qxg5 23.Qa4 h4
24.Bg2 Bxg2 25.Kxg2 Nf6 26.Qc2 Kg7 27.Qd2 Qh5 28.Qe2 Qg5 29.Qd2 Qh5 30.Qe2  1/2-1/2

[Event "Schneider mem op"]
[Site "Budapest"]
[Date "1991.??.??"]
[Round "6"]
[White "Pogorelov, Ruslan"]
[Black "Kereszturi, Sara"]
[Result "1-0"]
[WhiteElo "2375"]
[BlackElo "2090"]

1.Nf3 Nf6 2.c4 g6 3.Nc3 Bg7 4.e4 d6 5.d4 O-O 6.Be2 e5 7.d5 c5 8.Be3 Na6 9.Nd2 Ne8
10.a3 f5 11.f3 Qh4+ 12.Bf2 Qg5 13.g3 Bh6 14.h4 Qe7 15.h5 Bg5 16.hxg6 hxg6
17.Qc2 Rf7 18.O-O-O Rh7 19.exf5 gxf5 20.Bd3 Rxh1 21.Rxh1 Ng7 22.Kb1 Bd7 23.g4 Rf8
24.gxf5 Bxd2 25.Qxd2 Bxf5 26.Ne4 Bxe4 27.Bxe4 Rf4 28.Bg3  1-0

[Event "Budapest IM"]
[Site "Budapest"]
[Date "1991.??.??"]
[Round "6"]
[White "Horvath, Csaba"]
[Black "Kahn, Evarth"]
[Result "1/2-1/2"]
[WhiteElo "2460"]
[BlackElo "2215"]

1.d4 Nf6 2.Nf3 g6 3.c4 Bg7 4.Nc3 O-O 5.e4 d6 6.Be2 e5 7.Be3 h6 8.O-O Ng4
9.Bc1 Nc6 10.d5 Ne7 11.Ne1 f5 12.Bxg4 fxg4 13.Be3 g5 14.c5 Ng6 15.Rc1 Qe8
16.a4 a6 17.b4 Nh4 18.Ne2  1/2-1/2

[Event "Budapest IM"]
[Site "Budapest"]
[Date "1991.??.??"]
[Round "7"]
[White "Bordas, Gyula"]
[Black "Kranzl, Peter"]
[Result "0-1"]
[WhiteElo "2310"]
[BlackElo "2300"]

1.c4 Nf6 2.Nc3 g6 3.e4 d6 4.d4 Bg7 5.Be2 Nbd7 6.Nf3 e5 7.O-O O-O 8.Qc2 exd4
9.Nxd4 Re8 10.Be3 c6 11.Rad1 Qe7 12.f3 d5 13.cxd5 Nxd5 14.Bf2 Nf4 15.Bc4 Qg5
16.Bg3 Qc5 17.Na4 Qg5 18.Ne2 Nh5 19.f4 Qe7 20.f5 g5 21.Bd6 Qxe4 22.Bd3 Qe3+
23.Kh1 g4 24.Nac3 Nhf6 25.Bc4 Nb6 26.Bb3 Bd7 27.Nf4 Bf8 28.Bxf8 Kxf8 29.a4 a5
30.Nce2 Rad8 31.Rd3 Qe5 32.Ng3 Bc8 33.Rxd8 Rxd8 34.Qf2 Qd4 35.Qe2 Re8 36.Ne6+ fxe6
37.fxe6 Nd5 38.Bxd5 cxd5 39.Nh5 Rxe6 40.Qb5 Ke7  0-1

[Event "Budapest Kasparov"]
[Site "Budapest"]
[Date "1991.??.??"]
[Round "8"]
[White "Lukacs, Peter"]
[Black "Reeh, Oliver"]
[Result "1/2-1/2"]
[WhiteElo "2460"]
[BlackElo "2470"]

1.d4 Nf6 2.c4 g6 3.Nc3 Bg7 4.e4 d6 5.Nf3 O-O 6.Be2 Nbd7 7.O-O e5 8.Qc2 c6
9.d5 c5 10.Rb1 Ne8 11.a3 a5 12.Be3 Qe7 13.Ne1 f5 14.f3 f4 15.Bf2 g5 16.b4 axb4
17.axb4 b6 18.Na4 h5 19.Nd3 Rf7 20.Kh1 Ra6 21.Ra1 Bf8 22.Nc3 Rg7 23.Rxa6 Bxa6
24.Qa2 Bc8 25.Qa8 Qd8 26.Nb5 Nc7 27.Nxc7 Qxc7 28.Ra1 Nb8 29.Ra4  1/2-1/2

[Event "Honved"]
[Site "Budapest"]
[Date "1991.??.??"]
[Round "9"]
[White "Petran, Pal"]
[Black "Almasi, Zoltan"]
[Result "1/2-1/2"]
[WhiteElo "2425"]
[BlackElo "2400"]

1.d4 Nf6 2.c4 g6 3.Nc3 Bg7 4.e4 d6 5.Nf3 O-O 6.Be2 e5 7.dxe5 dxe5 8.Qxd8 Rxd8
9.Bg5 c6 10.Nxe5 Re8 11.f4 Na6  1/2-1/2

[Event "Zeus (Women)"]
[Site "Budapest"]
[Date "1991.??.??"]
[Round "9"]
[White "Muresan, Margareta"]
[Black "Voiska, Margarita"]
[Result "1/2-1/2"]
[WhiteElo "2200"]
[BlackElo "2335"]

1.Nf3 Nf6 2.c4 g6 3.Nc3 Bg7 4.e4 d6 5.d4 O-O 6.Be2 e5 7.dxe5 dxe5 8.Qxd8 Rxd8
9.Bg5 Re8 10.O-O-O c6  1/2-1/2

[Event "Spring op"]
[Site "Budapest"]
[Date "1991.??.??"]
[Round "9"]
[White "Orgovan, Sandor"]
[Black "Antonsen, Mikkel"]
[Result "0-1"]
[WhiteElo "2330"]
[BlackElo "2250"]

1.d4 Nf6 2.Nf3 g6 3.c4 Bg7 4.Nc3 O-O 5.e4 d6 6.Be2 e5 7.Be3 c6 8.O-O Na6
9.dxe5 dxe5 10.c5 Ng4 11.Bg5 f6 12.Bxa6 bxa6 13.Qb3+ Kh8 14.Bd2 Qe7 15.h3 Nh6
16.Qa3 Nf7 17.Rac1 f5 18.Qa4 Qf6 19.exf5 gxf5 20.Qh4 Qg6 21.Ng5 Bf6 22.Nxf7+ Rxf7
23.Qh6 Be6 24.Qxg6 hxg6 25.f4 e4 26.Be3 Rd7 27.Rfd1 Rad8 28.Rxd7 Rxd7 29.a3 Rd3
30.Kf2 Bh4+ 31.g3 Bxg3+ 32.Kxg3 Rxe3+ 33.Kh4 Bb3 34.Nb1 Re2 35.Rc3 Rxb2 36.Nd2 Bd5
37.Nc4 Bxc4 38.Rxc4 Rf2 39.Kg5 Kg7 40.Rb4  0-1

[Event "Escom IM-A"]
[Site "Budapest"]
[Date "1991.??.??"]
[Round "9"]
[White "Hoffmann, Michael"]
[Black "Rosenthal, Dirk"]
[Result "1-0"]
[WhiteElo "2370"]
[BlackElo "2345"]

1.d4 Nf6 2.Nf3 g6 3.c4 Bg7 4.Nc3 d6 5.e4 O-O 6.Be2 e5 7.O-O Na6 8.Be3 Ng4
9.Bg5 f6 10.Bc1 Qe8 11.h3 Nh6 12.Be3 f5 13.Bxh6 Bxh6 14.dxe5 dxe5 15.exf5 Rxf5
16.Re1 Bg7 17.Ne4 b6 18.Nfg5 Bb7 19.c5 Rd8 20.Qb3+ Kh8 21.c6 Qxc6 22.Bxa6 Bxa6
23.Rac1 Qd5 24.Rxc7 Qxb3 25.axb3 Ra8 26.Rd1 Bc8 27.Rd8+ Rf8 28.Rxf8+ Bxf8
29.Rxh7+  1-0

[Event "Utasellato NK"]
[Site "Budapest"]
[Date "1991.??.??"]
[Round "10"]
[White "Petran, Pal"]
[Black "Balogh, Bela"]
[Result "1-0"]
[WhiteElo "2415"]
[BlackElo "2270"]

1.d4 Nf6 2.c4 g6 3.Nc3 Bg7 4.e4 d6 5.Nf3 O-O 6.Be2 e5 7.O-O exd4 8.Nxd4 Re8
9.f3 Nc6 10.Be3 a6 11.Qd2 Ne5 12.Rad1 c5 13.Nc2 Be6 14.b3 Qa5 15.a4 Nc6 16.Qe1 Qb6
17.Rb1 Nb4 18.Nxb4 Qxb4 19.Bd2 Qb6 20.Qh4 Nh5 21.f4 Bf6 22.Qe1 Bd4+ 23.Kh1 Ng7
24.f5 gxf5 25.Qg3 Kh8 26.Bd3 fxe4 27.Nxe4 Nf5 28.Qf3 Qc6 29.Rbe1 f6 30.Nxf6 Qxf3
31.Rxf3 Bxf6 32.Bxf5 Bxf5 33.Rxf5 Rxe1+ 34.Bxe1 Re8 35.Bg3 Re6 36.Rd5 Be7
37.Rd3 Kg7 38.Kg1 Kf7 39.Kf2 Rf6+ 40.Ke2 Ke6 41.Re3+ Kd7 42.Bh4  1-0

[Event "Autoteam"]
[Site "Budapest"]
[Date "1991.??.??"]
[Round "10"]
[White "Fogarasi, Tibor"]
[Black "Horvath, Jozsef"]
[Result "1/2-1/2"]
[WhiteElo "2420"]
[BlackElo "2540"]

1.Nf3 Nf6 2.c4 g6 3.Nc3 d6 4.e4 Bg7 5.d4 O-O 6.Be2 e5 7.O-O Na6 8.Qc2 Nb4
9.Qd1 Na6 10.Qc2 Nb4 11.Qd1  1/2-1/2

[Event "Buenos Aires Konex"]
[Site "Buenos Aires"]
[Date "1991.??.??"]
[Round "3"]
[White "Valerga, Diego"]
[Black "Panno, Oscar"]
[Result "1/2-1/2"]
[WhiteElo "2355"]
[BlackElo "2440"]

1.d4 Nf6 2.Nf3 g6 3.c4 Bg7 4.Nc3 O-O 5.e4 d6 6.Be2 e5 7.O-O Na6 8.Re1 c6
9.Rb1 Qe7 10.Bf1 Bg4 11.d5 c5 12.Bg5 h6 13.Bh4 Qd7 14.h3 Bxf3 15.Qxf3 Nh7
16.Qg4 Qc8 17.Nb5 h5 18.Qd1 Qd7 19.a3 Bf6 20.Bxf6 Nxf6 21.Qd2 Nc7 22.Nc3 Qe7
23.h4 a5 24.Qg5 Rfe8 25.g3 Nd7 26.Qxe7 Rxe7 27.Bh3 Rb8  1/2-1/2

[Event "Buenos Aires Najdorf"]
[Site "Buenos Aires"]
[Date "1991.??.??"]
[Round "8"]
[White "Amura, Claudia Noemi"]
[Black "Fedorowicz, John P"]
[Result "0-1"]
[WhiteElo "2405"]
[BlackElo "2555"]

1.d4 Nf6 2.c4 g6 3.Nc3 Bg7 4.e4 d6 5.Be2 O-O 6.Nf3 Nbd7 7.O-O e5 8.Qc2 c6
9.Rd1 Qe7 10.Bf1 h6 11.Rb1 Nh7 12.b4 Ng5 13.Nxg5 exd4 14.Ne2 hxg5 15.Nxd4 Re8
16.Rb3 g4 17.Bf4 Nf6 18.Qc1 Nxe4 19.f3 gxf3 20.gxf3 Nf6 21.Nc2 d5 22.c5 Nh5
23.Re1 Be6 24.Bg5 Qd7 25.Rbe3 d4 26.Ra3 a6 27.Rd1 Bh3 28.Bc4 Be6 29.Bf1 Qd5
30.Bh4 a5 31.Bf2 axb4 32.Nxb4 Qf5 33.Rxa8 Rxa8 34.Bxd4 Qxf3 35.Bxg7 Qg4+
36.Kh1 Nxg7 37.Qd2 Bf5 38.Bg2 Be4 39.Bxe4 Qxe4+ 40.Kg1 Ne6 41.Rf1 Rd8 42.Qf2 Ng5
43.Qg3 Qd4+ 44.Kh1 Qxc5 45.Qc7 Qd4 46.Re1 Rd7 47.Qb8+ Kg7  0-1

[Event "BUL-ch"]
[Site "?"]
[Date "1991.??.??"]
[Round "2"]
[White "Atanasov, Petko"]
[Black "Djonev, Svetozar"]
[Result "1-0"]
[WhiteElo "2370"]
[BlackElo "2225"]

1.d4 Nf6 2.c4 g6 3.Nc3 Bg7 4.e4 d6 5.Be2 O-O 6.Nf3 e5 7.O-O c6 8.Qc2 Qe7
9.Rd1 Bg4 10.Be3 Nbd7 11.h3 Bxf3 12.Bxf3 Rfe8 13.d5 c5 14.a3 h6 15.b4 Rec8
16.Qb3 b6 17.Rab1 Ne8 18.Bg4 Nef6 19.Be2 Nh7 20.Qc2 h5 21.Rb3 Bf6 22.g3 Bg5
23.Qd2 Kg7 24.f4 exf4 25.gxf4 Bh6 26.Rf1 Nhf6 27.Bd3 Re8 28.Rf3 h4 29.Rb1 Nh5
30.Rbf1 Ng3 31.R1f2 Kh7 32.e5 dxe5 33.f5 Bxe3 34.Qxe3 Rf8 35.f6 Qd6 36.Qg5 e4
37.Rf4 Qe5 38.Nxe4 Nh5 39.Qxh4 Kg8 40.Rg4 Rae8 41.Kg2 Qd4 42.Qxh5 Re5 43.Rxg6+  1-0

[Event "Cappelle op"]
[Site "Cappelle la Grande"]
[Date "1991.??.??"]
[Round "?"]
[White "Roeder, Mathias"]
[Black "Okrajek, Alexander"]
[Result "1-0"]
[WhiteElo "2430"]
[BlackElo "2240"]

1.d4 Nf6 2.c4 d6 3.Nf3 g6 4.Nc3 Nbd7 5.e4 e5 6.Be2 Bg7 7.O-O O-O 8.Re1 c6
9.Rb1 Re8 10.d5 Nc5 11.Bg5 a5 12.Nd2 Bd7 13.b3 Na6 14.a3 c5 15.Nf1 h6 16.Bh4 h5
17.Bg5 Qb8 18.Qd2 Nh7 19.Be3 Qd8 20.h3 b6 21.Nh2 Bf6 22.Bd3 Bg5 23.f4 exf4
24.Bxf4 Bxf4 25.Qxf4 Qe7 26.Nf3 f6 27.e5 fxe5 28.Qg3 Qg7 29.Qxg6 Nf6 30.Ng5 Re7
31.Rf1 Rf8 32.h4 Nc7 33.b4 axb4 34.axb4 cxb4 35.Rxb4 b5 36.Qxg7+ Kxg7 37.Nce4 Nxe4
38.Nxe4 Rxf1+ 39.Bxf1 bxc4 40.Bxc4 Ne8 41.Rb6 Bf5 42.Nxd6 Nxd6 43.Rxd6 Bg4
44.Kf2 Rb7 45.Ke3 Rb2 46.Rc6 Rxg2 47.Ke4 Rh2 48.Kxe5 Rxh4 49.Rc7+ Kh6 50.d6 Rh2
51.d7 Bxd7 52.Rxd7 Kg5 53.Rg7+ Kh4 54.Bd5 Rf2 55.Rg6 Kh3 56.Ke4 h4 57.Ke3 Rf8
58.Bf3 Rb8 59.Kf2 Rb2+ 60.Be2 Kh2 61.Rg2+ Kh1 62.Rg4 h3 63.Rg1+ Kh2 64.Rd1 Ra2
65.Kf3 Ra3+ 66.Bd3 Ra2 67.Bf5 Rb2 68.Rd3 Rg2 69.Kf4 Rf2+ 70.Kg4 Kg2 71.Be4+ Kf1
72.Bf3 Rg2+ 73.Kxh3 Rg7 74.Rd2 Ke1 75.Re2+ Kf1 76.Re5 Kf2 77.Bg4 Rh7+ 78.Bh5 Rg7
79.Re2+ Kf1 80.Rc2 Ke1 81.Bg4 Re7 82.Kg3 Re8 83.Bf3 Rg8+ 84.Kf4 Rf8+ 85.Ke3 Re8+
86.Be4 Rd8 87.Rh2 Rf8 88.Re2+ Kd1 89.Rb2 Rc8 90.Rh2 Kc1 91.Rh1+ Kb2 92.Rb1+ Ka3
93.Kd4 Rd8+ 94.Bd5 Rh8 95.Bc4 Rh4+ 96.Kc3 Rh3+ 97.Bd3 Rh2 98.Rb3+ Ka4 99.Rb5 Rh3
100.Rg5 Re3 101.Rg4+  1-0

[Event "Cappelle op"]
[Site "Cappelle la Grande"]
[Date "1991.??.??"]
[Round "1"]
[White "Plachetka, Jan"]
[Black "Ac, Michal"]
[Result "1-0"]
[WhiteElo "2425"]
[BlackElo "2235"]

1.c4 Nf6 2.Nf3 g6 3.Nc3 Bg7 4.e4 d6 5.d4 O-O 6.Be2 e5 7.O-O exd4 8.Nxd4 Re8
9.f3 c6 10.Kh1 d5 11.cxd5 cxd5 12.Bg5 dxe4 13.fxe4 h6 14.Bh4 g5 15.Bg3 Nc6
16.Ndb5 Nxe4 17.Nxe4 Rxe4 18.Qxd8+ Nxd8 19.Bf3 Ra4 20.Nc7 Rb8 21.Rad1 Bg4
22.Bxg4 Rxg4 23.Nd5 Rxg3 24.hxg3 Bxb2 25.Ne7+ Kg7 26.Rd7 Kf8 27.Nf5 Ke8 28.Rc7 h5
29.Nd6+ Kf8 30.Nxf7  1-0

[Event "Catania op"]
[Site "Catania"]
[Date "1991.??.??"]
[Round "?"]
[White "Mohr, Georg"]
[Black "Gueci, Riccardo"]
[Result "1-0"]
[WhiteElo "2465"]
[BlackElo "2240"]

1.Nf3 Nf6 2.c4 g6 3.Nc3 Bg7 4.e4 d6 5.d4 O-O 6.Be2 e5 7.Be3 Nc6 8.d5 Ne7
9.Nd2 a5 10.c5 Nd7 11.cxd6 cxd6 12.Nc4 Nc5 13.Nxd6 Qxd6 14.Nb5 Qd8 15.Bxc5 b6
16.Be3 Bd7 17.O-O f5 18.f3 f4 19.Bf2 g5 20.Rc1 Rf6 21.Nc7 Rb8 22.Ne6 Qe8
23.Rc7 Rh6 24.Qb3 Kh8 25.Rfc1 Bf6 26.Qa3 Qh5 27.h3  1-0